Kanhaiya (Record no. 20732)
[ view plain ]
| 000 -LEADER | |
|---|---|
| fixed length control field | 01712ngm a2200385 4500 |
| 003 - CONTROL NUMBER IDENTIFIER | |
| control field | dpl |
| 005 - DATE AND TIME OF LATEST TRANSACTION | |
| control field | 20090107161223.0 |
| 007 - PHYSICAL DESCRIPTION FIXED FIELD--GENERAL INFORMATION | |
| fixed length control field | DVD |
| 008 - FIXED-LENGTH DATA ELEMENTS--GENERAL INFORMATION | |
| fixed length control field | ||||||sp199 xxu|||||c ||| 00| 0 ng d |
| 010 ## - LIBRARY OF CONGRESS CONTROL NUMBER | |
| LC control number | DVD-001983-1985 |
| 024 ## - OTHER STANDARD IDENTIFIER | |
| Standard number or code | SHE 1802 F2 |
| Terms of availability | 66.00 |
| 035 ## - SYSTEM CONTROL NUMBER | |
| System control number | DVD-001983-1985 |
| 040 ## - CATALOGING SOURCE | |
| Original cataloging agency | DPL |
| Transcribing agency | DPL |
| 082 ## - DEWEY DECIMAL CLASSIFICATION NUMBER | |
| Classification number | DVD / KANH |
| 245 ## - TITLE STATEMENT | |
| Title | Kanhaiya |
| Statement of responsibility, etc | S.P. Pictures Presents |
| Medium | [videorecording] VCD/ |
| 260 ## - PUBLICATION, DISTRIBUTION, ETC. (IMPRINT) | |
| Name of publisher, distributor, etc | Shemaroo Video Pvt. Ltd. |
| 300 ## - PHYSICAL DESCRIPTION | |
| Extent | 2 videodisc VCD; |
| Other physical details | sd., col. ; |
| Dimensions | 4 3/4 in. |
| Type of unit | VCD |
| 440 ## - SERIES STATEMENT/ADDED ENTRY--TITLE | |
| Title | Shemaroo Home Entertainment |
| 500 ## - GENERAL NOTE | |
| General note | This is a Video CD with Digital Audio, Full Motion Video and Play Back Control suitable for Video CD players and Multimedia Pc's with MPEG card. |
| 500 ## - GENERAL NOTE | |
| General note | This title is complete with 2 discs Not to be sold individually |
| 538 ## - SYSTEM DETAILS NOTE | |
| System details note | Dolby Digital 5.1 - Hindi Subtitles: English |
| 650 ## - SUBJECT ADDED ENTRY--TOPICAL TERM | |
| Topical term or geographic name as entry element | Motion Picture |
| 700 ## - ADDED ENTRY--PERSONAL NAME | |
| Personal name | Pachhi, Sant Singh |
| 700 ## - ADDED ENTRY--PERSONAL NAME | |
| Personal name | Om Prakash |
| 700 ## - ADDED ENTRY--PERSONAL NAME | |
| Personal name | Shankar Jaikishan |
| 700 ## - ADDED ENTRY--PERSONAL NAME | |
| Personal name | Kapoor, Raj |
| 700 ## - ADDED ENTRY--PERSONAL NAME | |
| Personal name | Nutan |
| 700 ## - ADDED ENTRY--PERSONAL NAME | |
| Personal name | Lalita Panwar |
| 700 ## - ADDED ENTRY--PERSONAL NAME | |
| Personal name | Puri, Madan |
| 942 ## - ADDED ENTRY ELEMENTS (KOHA) | |
| Koha item type | CD-ROMs, DVDs, VHS |
| Source of classification or shelving scheme | Dewey Decimal Classification |
| Classification part | DVD |
| Call number suffix | KANH |
| Withdrawn status | Lost status | Source of classification or shelving scheme | Damaged status | Not for loan | Home library | Current library | Date acquired | Source of acquisition | Cost, normal purchase price | Total Checkouts | Total Renewals | Full call number | Barcode | Date last seen | Date checked out | Copy number | Cost, replacement price | Price effective from | Koha item type |
|---|---|---|---|---|---|---|---|---|---|---|---|---|---|---|---|---|---|---|---|
| Dewey Decimal Classification | Central Library | Central Library | 07/01/2009 | Purchase | 66.00 | 19 | 1 | DVD KANH | DVD-001983 | 21/06/2017 | 15/06/2017 | 1 | 66.00 | 07/01/2009 | CD-ROMs, DVDs, VHS | ||||
| Dewey Decimal Classification | Patel Nagar | Patel Nagar | 07/01/2009 | Purchase | 66.00 | 7 | DVD KANH | DVD-001985 | 03/03/2014 | 15/02/2014 | 1 | 66.00 | 07/01/2009 | CD-ROMs, DVDs, VHS | |||||
| Dewey Decimal Classification | Sarojini Nagar | Sarojini Nagar | 07/01/2009 | Purchase | 66.00 | 11 | 1 | DVD KANH | DVD-001984 | 19/03/2016 | 19/03/2016 | 1 | 66.00 | 07/01/2009 | CD-ROMs, DVDs, VHS |
